书目信息 |
| 题名: |
智能仪器原理及应用
|
|
| 作者: | 赵茂泰 主编 | |
| 分册: | ||
| 出版信息: | 北京 电子工业出版社 2007 |
|
| 页数: | 307页 | |
| 开本: | 26cm | |
| 丛书名: | ||
| 单 册: | ||
| 中图分类: | TP23 | |
| 科图分类: | ||
| 主题词: | 自动化装置 , 自动化设备 | |
| 电子资源: | ||
| ISBN: | 7-121-00017-2 | |
| 000 | 00582nam0 2200205 450 | |
| 001 | 0735592734 | |
| 005 | 20070906095312.73 | |
| 010 | @a7-121-00017-2@d¥25.00 | |
| 100 | @a20070906d km y0chiy0120 ea | |
| 101 | 0 | @achi |
| 200 | 1 | @a智能仪器原理及应用@Azhi neng yi qi yuan li ji ying yong@f赵茂泰主编@Fzhao mao tai zhu bian |
| 205 | @a2版 | |
| 210 | @a北京@c电子工业出版社@d2007 | |
| 215 | @a307页@d26cm | |
| 606 | 0 | @a自动化装置 |
| 606 | 0 | @a自动化设备 |
| 690 | @aTP23@v3 | |
| 701 | 0 | @a赵茂泰@Azhao mao tai@4主编 |
| 801 | 0 | @aCN@bPFT@c20070906 |
| 905 | @a213230@dTP23@ep9=2@f1 | |
| 智能仪器原理及应用/赵茂泰主编.-2版.-北京:电子工业出版社,2007 |
| 307页;26cm |
| ISBN 7-121-00017-2:¥25.00 |
| ● |
| 相关链接 |
|
|
|
|
正题名:智能仪器原理及应用
索取号:TP23/p9=2
 
预约/预借
| 序号 | 登录号 | 条形码 | 馆藏地/架位号 | 状态 | 备注 |
| 1 | 7202453 | 272024524 | 密集书库-物理学院/ [索取号:TP23/p9=2] | 在馆 |